Praha od A do Z v letech 1820-1850. Kniha pátá, Ulice - Židé / Antonín Novotný
Poslední, pátý špalíček přibližující život Prahy v první polovině 19. století za pomoci jednotlivých věcných hesel.
V tomto díle autor podle svých slov završil téměř desetiletou práci na knihách, které si "všímaly výhradně vnějškového obrazu dějů" v Praze. Ve svazku jsou zastoupena hesla z konce abecedy, začátek patří životu na pražských ulicích a přes oblíbená výletní místa Pražanů, zmínky o vzduchoplavbě, povídání o pražských zahradách, zločinech, nejrůznějších zvířatech chovaných nebo volně žijících v hlavním městě aj. se čtenář dostane až k závěrečnému heslu, které se týká asimilace Židů do běžného společenského života. Jednomu heslu v tomto svazku však autor věnuje mnohem větší pozoznost, zabírá více než polovinu knihy a je to heslo umění. A. Novotný zevrubně probírá především pražské výtvarné umělce (architekty, malíře, grafiky) a jejich dílo v krátkém časovém rozmezí (20.-40. léta 19. století).
Record details
- ISBN: 978-80-86804-06-4
- Physical Description: 270 s. : il.
- Edition: 1. vyd.
- Publisher: V Praze : Vladimír Bystrov, 2007
Search for related items by subject
| Subject: | Praha (Česko) > dějiny > 19. století Praha (Česko) > reálie > 19. století |
| Genre: | encyklopedie populárně-naučné publikace |
Search for related items by series
Available copies
- 1 of 1 copy available at Common Catalog SPOK.
Holds
- 0 current holds with 1 total copy.
Show All Copies
| Location | Call Number / Copy Notes | Barcode | Shelving Location | Status | Due Date |
|---|---|---|---|---|---|
| The Jewish community of Prague | J 1453 | 4638303170 | J - Judaika | Available | - |
| LDR | 02617nam a2200445 4500 | ||
|---|---|---|---|
| 001 | 55008 | ||
| 003 | CZ-PrJAB | ||
| 005 | 20231107154849.0 | ||
| 008 | 071127s2007 xr |||||||||||||| ||cze d | ||
| 020 | . | ‡a978-80-86804-06-4 ‡z80-86804-06-2 ‡q(brož.) : ‡cKč 288,00 | |
| 035 | . | ‡a(CZ PrSKC)016020003475080 | |
| 040 | . | ‡aULG001 ‡bcze | |
| 072 | 7. | ‡a94(437) ‡xDějiny Česka a Slovenska ‡2Konspekt ‡98 | |
| 080 | . | ‡a94(437.311) ‡2MRF-sel | |
| 080 | . | ‡a908(437.311) ‡2MRF-sel | |
| 100 | 1 | . | ‡aNovotný, Antonín, ‡d1891-1978 ‡7jk01090637 ‡4aut |
| 245 | 1 | 0. | ‡aPraha od A do Z v letech 1820-1850. ‡nKniha pátá, ‡pUlice - Židé / ‡cAntonín Novotný |
| 250 | . | ‡a1. vyd. | |
| 260 | . | ‡aV Praze : ‡bVladimír Bystrov, ‡c2007 | |
| 300 | . | ‡a270 s. : ‡bil. | |
| 490 | 1 | . | ‡aPraga Caput Regni ; ‡vsv. 14 |
| 520 | 2 | . | ‡aPoslední, pátý špalíček přibližující život Prahy v první polovině 19. století za pomoci jednotlivých věcných hesel. |
| 520 | 2 | . | ‡aV tomto díle autor podle svých slov završil téměř desetiletou práci na knihách, které si "všímaly výhradně vnějškového obrazu dějů" v Praze. Ve svazku jsou zastoupena hesla z konce abecedy, začátek patří životu na pražských ulicích a přes oblíbená výletní místa Pražanů, zmínky o vzduchoplavbě, povídání o pražských zahradách, zločinech, nejrůznějších zvířatech chovaných nebo volně žijících v hlavním městě aj. se čtenář dostane až k závěrečnému heslu, které se týká asimilace Židů do běžného společenského života. Jednomu heslu v tomto svazku však autor věnuje mnohem větší pozoznost, zabírá více než polovinu knihy a je to heslo umění. A. Novotný zevrubně probírá především pražské výtvarné umělce (architekty, malíře, grafiky) a jejich dílo v krátkém časovém rozmezí (20.-40. léta 19. století). |
| 651 | 7. | ‡aPraha (Česko) ‡7ge118011 ‡xdějiny ‡y19. století ‡2czenas | |
| 651 | 7. | ‡aPraha (Česko) ‡7ge118011 ‡xreálie ‡y19. století ‡2czenas | |
| 655 | 7. | ‡aencyklopedie ‡7fd132201 ‡2czenas | |
| 655 | 7. | ‡apopulárně-naučné publikace ‡7fd131864 ‡2czenas | |
| 830 | 0. | ‡aPraga Caput Regni | |
| 910 | . | ‡aABE461 | |
| 995 | . | ‡aska | |
| 901 | . | ‡a55008 ‡bAUTOGEN ‡c55008 ‡tbiblio | |